| 000 | 00596nam a2200193Ia 4500 | ||
|---|---|---|---|
| 003 | LDD | ||
| 008 | 190117s9999 xx 000 0 und d | ||
| 020 |
_a9788192324340 _c₹295 |
||
| 040 | _cLDD | ||
| 041 | _ahi | ||
| 082 | _a8H3.6 प्रे59222म | ||
| 100 | _aप्रेमचन्द | ||
| 245 | 0 |
_aमनोरमा _cप्रेमचन्द |
|
| 260 |
_aदिल्ली _bअद्वैत प्रकाशन _c2012 |
||
| 300 | _a152 | ||
| 901 | _aAAKAR | ||
| 904 | _aReqst by : J.M. Parakh | ||
| 942 |
_2ddc _cH |
||
| 999 |
_c164246 _d164246 |
||